| 000 | 02735nam a2200349 a 4500 | ||
|---|---|---|---|
| 001 | 000015084 | ||
| 003 | DO-SdBPM | ||
| 005 | 20260527070719.0 | ||
| 007 | ta | ||
| 008 | 100201s2003 dr ad 001 0 spa d | ||
| 040 |
_aDO-SdBPM _bspa _cBPMSU _drda |
||
| 082 | 4 |
_a332.75 _bI73e 2003 _222 |
|
| 100 | 1 |
_aIsa Conde, Narciso, _d1942- _eautor _4aut. |
|
| 245 | 1 | 4 |
_aLas entrañas de un poder gansterizado : _bBANINTER: siete pecados capitales, el testimonio de la crisis y mucho más / _cNarciso Isa Conde, Fernando Peña. |
| 260 | _c | ||
| 264 |
_aSanto Domingo : _bTiro al Blanco, _c2003 |
||
| 300 |
_a242 págianas : _bilustraciones, tablas ; _c22 cm. |
||
| 336 |
_atexto _btxt _2rdacontent |
||
| 337 |
_asin mediación _bn _2rdamedia |
||
| 338 |
_avolumen _bnc _2rdacarrier |
||
| 504 | _aBibliografía: páginas . 240-242. | ||
| 505 | 0 | _aMarco global y crisis del sistema financiero 17 -- Estallido BANINTER: pugnas y partidos 21 -- Un poquito de historia: el poder visto desde el pasado 29 -- Báez Figueroa-BANINTER: nuevo grupo económico 35 -- Plan Báez Figueroa-BANINTER: gobierno-poder 51 -- Contexto y razones de la crisis de BANINTER 63 -- Imperio y oligarquía: a la caza de una oportunidad 67 -- "Célula fundamentalista" de Andy Dauhajre: una gobernación paralela del Banco Central 71 -- 55 preguntas sobre la crisis: ¡Una por cada mil millones del "agujero"! 75 -- Los siente Pecados Capitales de Ramón Báez Figueroa y BANINTER 83 -- El intento de absorción del BANINTER por el Banco del Progreso 97 -- Grupos Económicos Tradicionales intentaron compra de BANINTER 99 -- Banco del Progreso, Grupos Tradicionales y BBVA 101 -- Desgüase total de BANINTER: negocio de grupos tradiciones 117 -- Los Pellerano "se metieron en miedo" por el chantaje de Azor Hazoury 121 -- Montada en la crisis BANINTER la reelección lo contamina todo 123 -- Los halcones al acecho: anexión a mayor velocidad 129 -- Más allá de BANINTER: oligarquía tradicional busca nuevas ventajas con el fraude 135 -- Nueva ola privatizadora sobre fraude BANINTER 1454 -- Corrupción afecta sistema de ahorros y préstamos 149 -- El fraude Hazouri-Báez Figueroa descubre crisis del sistema de ahorros y préstamos 169 -- Acumulación capitalista, corrupción, delito de Estado y perversión moral van de la mano 183. | |
| 590 | _aInventariado, 2025/VM | ||
| 650 | 7 |
_aCrisis bancaria _zRepública Dominicana |
|
| 650 | 7 |
_aBancos _xPrácticas corruptas _zRepública Dominicana |
|
| 650 | 7 | _aFraude bancario | |
| 650 | z |
_aDominican Republic _xPolitics and government |
|
| 651 | 0 |
_aRepública Dominicana _xPolítica y gobierno |
|
| 700 | 1 |
_aPeña, Fernando A., _eautor |
|
| 910 | _aVMateo V. Control de calidad. PMSU | ||
| 942 |
_2ddc _cBK |
||
| 999 |
_c15532 _d15532 |
||